Commentary on the book of the Acts : (Record no. 6784)
[ view plain ]
| 000 -LEADER | |
|---|---|
| fixed length control field | 01076cam a22003011a 4500 |
| 001 - CONTROL NUMBER | |
| control field | 18963 |
| 003 - CONTROL NUMBER IDENTIFIER | |
| control field | GBCCL |
| 005 - DATE AND TIME OF LATEST TRANSACTION | |
| control field | 20241126110611.0 |
| 008 - FIXED-LENGTH DATA ELEMENTS--GENERAL INFORMATION | |
| fixed length control field | 790723s1954 miu b 001 0 eng |
| 010 ## - | |
| -- | 54012695 //r842 |
| 020 ## - INTERNATIONAL STANDARD BOOK NUMBER | |
| International Standard Book Number | 0802821820 |
| 035 ## - SYSTEM CONTROL NUMBER | |
| System control number | (OCoLC)01128236 |
| 040 ## - CATALOGING SOURCE | |
| Original cataloging agency | DLC |
| Transcribing agency | DLC |
| Modifying agency | m.c. |
| -- | LBB |
| 049 ## - | |
| -- | LBBK |
| -- | LBBC |
| -- | 1-2 |
| -- | LBBA |
| -- | 1-2 |
| 050 0# - | |
| -- | BS2625 |
| -- | .B72 |
| 082 0# - DEWEY DECIMAL CLASSIFICATION NUMBER | |
| Classification number | 225.77 |
| Item number | NEW |
| 092 0# - LOCALLY ASSIGNED DEWEY CALL NUMBER (OCLC) | |
| Classification number | 226.6077 |
| Item number | B886, 1954 |
| Edition number | 20 |
| 100 1# - MAIN ENTRY--PERSONAL NAME | |
| Personal name | Bruce, F. F. |
| Fuller form of name | (Frederick Fyvie), |
| Dates associated with a name | 1910- |
| 9 (RLIN) | 1999 |
| 245 10 - TITLE STATEMENT | |
| Title | Commentary on the book of the Acts : |
| Remainder of title | the English text with introduction, exposition, and notes / |
| Statement of responsibility, etc. | by F. F. Bruce. |
| 260 ## - PUBLICATION, DISTRIBUTION, ETC. | |
| Place of publication, distribution, etc. | Grand Rapids, Mich. : |
| Name of publisher, distributor, etc. | Wm. B. Eerdmans, |
| Date of publication, distribution, etc. | 1954. |
| 300 ## - PHYSICAL DESCRIPTION | |
| Extent | 555 p. ; |
| Dimensions | 22 cm. |
| 490 1# - SERIES STATEMENT | |
| Series statement | New international commentary on the New Testament |
| 504 ## - BIBLIOGRAPHY, ETC. NOTE | |
| Bibliography, etc. note | Includes bibliographical references and indexes. |
| 630 00 - SUBJECT ADDED ENTRY--UNIFORM TITLE | |
| Uniform title | Bible. |
| Name of part/section of a work | N.T. |
| -- | Acts vx Commentaries. |
| 9 (RLIN) | 12167 |
| 650 #0 - SUBJECT ADDED ENTRY--TOPICAL TERM | |
| Topical term or geographic name entry element | Lloyd M. Perry Collection. |
| 9 (RLIN) | 12168 |
| 730 0# - | |
| -- | Bible. |
| -- | N.T. |
| -- | Acts. |
| -- | English. |
| -- | 1954. |
| -- | American standard. |
| -- | 12169 |
| 942 ## - ADDED ENTRY ELEMENTS (KOHA) | |
| Source of classification or shelving scheme | Dewey Decimal Classification |
| Koha item type | Reference Books |
| Withdrawn status | Lost status | Source of classification or shelving scheme | Damaged status | Not for loan | Home library | Current Library | Shelving location | Date acquired | Total checkouts | Full call number | Barcode | Date last seen | Copy number | Price effective from | Koha item type |
|---|---|---|---|---|---|---|---|---|---|---|---|---|---|---|---|
| Dewey Decimal Classification | GRACE BIBLE COLLEGE | GRACE BIBLE COLLEGE | Commentary | 2018-06-27 | 225.77 NEW | 001247 | 2025-05-01 | v.5 | 2018-06-27 | Reference Books | |||||
| Dewey Decimal Classification | GRACE BIBLE COLLEGE | GRACE BIBLE COLLEGE | Commentary | 2018-06-27 | 225.77 NEW | 001248 | 2025-05-01 | v.5 c.2 | 2018-06-27 | Reference Books |